Bartók Béla színpadi művei

Elmentve itt :
Bibliográfiai részletek
Szerző: Papp Zsófia
További közreműködők: Dombi Józsefné (Témavezető)
Dokumentumtípus: Szakdolgozat
Megjelent: 2018
Tárgyszavak:
Online Access:http://diploma.bibl.u-szeged.hu/75266
LEADER 00607nta a2200169 i 4500
001 dipl75266
005 20190606095406.0
008 190606s2018 hu om 0|| zxx d
040 |a SZTE Diploma Repozitórium  |b hun 
041 |a zxx 
100 1 |a Papp Zsófia 
245 1 0 |a Bartók Béla színpadi művei  |h [elektronikus dokumentum] /  |c Zsófia Papp 
246 1 0 |a Stage works of Béla Bartók  |h [elektronikus dokumentum] 
260 |c 2018 
650 4 |a Pedagógusképzés 
700 1 |a Dombi Józsefné  |e ths 
856 4 0 |u http://diploma.bibl.u-szeged.hu/id/eprint/75266/1/2018_Papp_Zs%C3%B3fia_DUF7ZR_SZ.pdf  |z Dokumentum-elérés